000 00542nam a2200181Ia 4500
003 GCL
008 140319s9999 xx 000 0 ara d
040 _aGCL /
_cGCL
082 0 4 _a813.01
_bى ق
100 1 _aيحيى حقى
245 1 0 _aقنديل ام هاشم /
_cيحيى حقى
250 _aالاولى
260 _aالقاهرة :
_bدار المدى للثقافة والنشر ،
_c2004
300 _a119 ص ؛
_c20 سم
650 0 4 _aالقصص العربية القصيرة
650 0 4 _aيحيى حقى
942 _2ddc
_cBK
999 _c6870
_d6870